Analytical elements of mechanisms /
"Mechanisms are fundamental components of machines. They are used to transmit forces and moments and to manipulate objects in industrial machinery, robots, automobiles, aircraft, mechatronics devices, and biomechanical systems. A knowledge of the kinematic and dynamic properties of mechanisms i...
Saved in:
| Main Author: | |
|---|---|
| Other Authors: | |
| Format: | Book |
| Language: | English |
| Published: |
Oxford ; New York :
Cambridge University Press,
c2001.
|
| Subjects: | |
| Online Access: | Publisher description Table of contents |
| LEADER | 02689cam a2200397 a 4500 | ||
|---|---|---|---|
| 001 | c000397445 | ||
| 003 | CARM | ||
| 005 | 20140610122516.0 | ||
| 008 | 140610s2001 enka b 001 0 eng d | ||
| 010 | |a 00064137 | ||
| 015 | |a GBA1-51282 | ||
| 019 | 1 | |a 21723862 |5 LACONCORD2021 | |
| 020 | |a 0521623839 (hbk.) | ||
| 035 | |a (OCoLC)44811885 |5 LACONCORD2021 | ||
| 040 | |a DLC |b eng |c DLC |d DLC |d OrLoB-B | ||
| 042 | |a pcc | ||
| 050 | 0 | 0 | |a TJ181 |b .M25 2001 |
| 082 | 0 | 4 | |a 621.811 |2 21 |
| 100 | 1 | |a Marghitu, Dan B. | |
| 245 | 1 | 0 | |a Analytical elements of mechanisms / |c Dan B. Marghitu, Malcolm J. Crocker. |
| 260 | |a Oxford ; |a New York : |b Cambridge University Press, |c c2001. | ||
| 300 | |a x, 276 p. : |b ill. ; |c 25 cm. | ||
| 504 | |a Includes bibliographical references (p. 273-274) and index. | ||
| 505 | 0 | 0 | |a Machine derived contents note: 1. Introduction -- 2. Position analysis -- 3. Velocity and acceleration -- 4. Contour equations -- 5. Dynamic force analysis -- 6. Mechanisms with gears -- 7. Open kinematic chains -- 8. Kinematic chains with continuous elastic links -- 9. Problems -- 10. Appendices. |
| 520 | 1 | |a "Mechanisms are fundamental components of machines. They are used to transmit forces and moments and to manipulate objects in industrial machinery, robots, automobiles, aircraft, mechatronics devices, and biomechanical systems. A knowledge of the kinematic and dynamic properties of mechanisms is essential for their design and control." "This book describes methods and algorithms for the analysis of kinematic systems. Beginning with basic concepts, the book then discusses a variety of problem-solving approaches and computational techniques. Its distinctive feature is its focus on the contour equation as a powerful, computationally efficient tool that will help the reader to design complex spatial mechanisms." "This handy text will be useful for senior or graduate students, researchers, and practicing engineers working in robotics, vehicle dynamics, mechatronics, and machine design."--BOOK JACKET. | |
| 650 | 0 | |a Mechanical movements. | |
| 650 | 0 | |a Machinery, Dynamics of. | |
| 650 | 0 | |a Machinery, Kinematics of. | |
| 700 | 1 | |a Crocker, Malcolm J. | |
| 852 | 8 | |b CARM |p 0603536 |f BK | |
| 852 | 8 | |b SCAN |h A3:AH14F0 |i C13017 |p 0603536 |f BK | |
| 856 | 4 | 2 | |3 Publisher description |u http://www.loc.gov/catdir/description/cam021/00064137.html |
| 856 | 4 | 1 | |3 Table of contents |u http://www.loc.gov/catdir/toc/cam025/00064137.html |
| 999 | f | f | |i dacaddf0-e9da-5d87-b9c8-1635fd3223de |s a336a517-ea13-5dc9-82f0-97d26eb6084d |
| 952 | f | f | |p Can circulate |a CAVAL |b CAVAL |c CAVAL |d CARM 1 Store |i book |m 0603536 |
| 952 | f | f | |a CAVAL |b CAVAL |c CAVAL |d Unmapped Location |e C13017 |f A3:AH14F0 |h Other scheme |